000 00737nam a2200241Ia 4500
003 OSt
005 20220926000821.0
006 a|||||r|||| 00| 0
007 ta
008 220923b |||||||| |||| 00| 0 eng d
037 _cGeneral Book
040 _aRTL
_cRTL
_beng
041 _2eng
_aeng
082 _aU651.237GC.N8, M5
100 _aThakur Raj Nath
_9303047
245 0 _aMicro-regional central place system in India
_b A case study of the siwan region
260 _a New Delhi
_bInter-India Publications India
_c1985
300 _a298p
_ccm.
500 _aBib p. 177-95
650 _aEconomic Geography
942 _hU651.237GC.N8, M5
_cGB
_2CC
999 _c599822
_d599822